00313nam a2200133Ia 45000030006000000080041000060400015000471000023000622450025000852600036001103000006001465460010001520050017001620STCL150530s9999 xx 000 0 und d aSTCLcSTCL aShachiriani Gurttu aPramchandh Aur Gorky bRajkamal Prakashan; Delhic1955 a0 aHindi20220125171302.0